000 00404nam a2200169Ia 4500
008 230524s9999 xx 000 0 und d
020 _a9780552161275
082 _bBRO
100 _aSidney Sheldon
_937864
245 4 _aThe Doomsday Conspiracy
250 _a1
260 _aLondon
_bHarper
_c2009
300 _a589p;
500 _aQuantity Number: 1
650 _aMiscellaneous
_91877
942 _cBK
999 _c52331
_d52331